Welcome to nowhere / (Record no. 3076)

MARC details
000 -LEADER
fixed length control field 01817cam a2200361 i 4500
001 - CONTROL NUMBER
control field 3076
003 - CONTROL NUMBER IDENTIFIER
control field FISKH
005 - DATE AND TIME OF LATEST TRANSACTION
control field 20240202142348.0
008 - FIXED-LENGTH DATA ELEMENTS--GENERAL INFORMATION
fixed length control field 170313s2017 enkab d 000 1 eng
010 ## - LIBRARY OF CONGRESS CONTROL NUMBER
LC control number 2017492692
020 ## - INTERNATIONAL STANDARD BOOK NUMBER
International Standard Book Number 9781509840496
Qualifying information hardback
020 ## - INTERNATIONAL STANDARD BOOK NUMBER
International Standard Book Number 1509840494
Qualifying information hardback
020 ## - INTERNATIONAL STANDARD BOOK NUMBER
International Standard Book Number 9781509840472
020 ## - INTERNATIONAL STANDARD BOOK NUMBER
International Standard Book Number 9781509840472
040 ## - CATALOGING SOURCE
Original cataloging agency DLC
Language of cataloging eng
Transcribing agency DLC
Description conventions rda
042 ## - AUTHENTICATION CODE
Authentication code pcc
043 ## - GEOGRAPHIC AREA CODE
Geographic area code a-sy---
050 00 - LIBRARY OF CONGRESS CALL NUMBER
Classification number PZ7.L1579
Item number We 2017
082 ## - DEWEY DECIMAL CLASSIFICATION NUMBER
Classification number 823.92
100 1# - MAIN ENTRY--PERSONAL NAME
Personal name Laird, Elizabeth,
245 10 - TITLE STATEMENT
Title Welcome to nowhere /
Statement of responsibility, etc. Elizabeth Laird ; illustrated by Lucy Eldridge.
260 ## - PUBLICATION, DISTRIBUTION, ETC.
Place of publication, distribution, etc. London :
Name of publisher, distributor, etc. Macmillan Children's Books,
Date of publication, distribution, etc. 2017.
300 ## - PHYSICAL DESCRIPTION
Extent 329 pages :
Other physical details illustrations, map ;
Dimensions 20 cm
520 ## - SUMMARY, ETC.
Summary, etc. Twelve-year-old Omar and his brothers and sister were born and raised in the beautiful and bustling city of Bosra, Syria. Omar doesn't care about politics - all her wants is to grow up to become a successful businessman who will take the world by storm. But when his clever older brother, Musa, gets mixed up with some young political activists, everything changes. Before long, bombs are falling, people are dying, and Omar and his family have no choice but to flee their home with only what they can carry. But no matter how far they run, the shadow of war follows them - until they have no choice but to attempt the dangerous journey to escape their homeland altogether. But where do you go, when you cannot go home? --
650 #0 - SUBJECT ADDED ENTRY--TOPICAL TERM
Topical term or geographic name entry element Refugees
Form subdivision Juvenile fiction.
650 #0 - SUBJECT ADDED ENTRY--TOPICAL TERM
Topical term or geographic name entry element Families
Geographic subdivision Syria
Form subdivision Juvenile fiction.
650 #0 - SUBJECT ADDED ENTRY--TOPICAL TERM
Topical term or geographic name entry element Children's stories.
650 #0 - SUBJECT ADDED ENTRY--TOPICAL TERM
Topical term or geographic name entry element Young adult fiction.
651 #0 - SUBJECT ADDED ENTRY--GEOGRAPHIC NAME
Geographic name Syria
General subdivision History
Chronological subdivision Civil War, 2011-
Form subdivision Juvenile fiction.
700 1# - ADDED ENTRY--PERSONAL NAME
Personal name Eldridge, Lucy,
Relator term illustrator.
906 ## - LOCAL DATA ELEMENT F, LDF (RLIN)
a 7
b cbc
c origres
d 3
e ncip
f 20
g y-gencatlg
942 ## - ADDED ENTRY ELEMENTS (KOHA)
Source of classification or shelving scheme Dewey Decimal Classification
Koha item type Books
Suppress in OPAC No
Holdings
Withdrawn status Lost status Source of classification or shelving scheme Damaged status Not for loan Collection Home library Current library Shelving location Date acquired Total Checkouts Full call number Barcode Date last seen Price effective from Koha item type
    Dewey Decimal Classification     Fiction Footprints International School Library Network Toul Kork Campus Footprints International School Library Network Toul Kork Campus   02/02/2024   LAI Fic PZ7.L1579 FISSE03324 02/02/2024 02/02/2024 Books